Pojištění odpovědnosti z výkonu povolání účetních
Jednotlivé typy poistení v poistení zodpovednosti z výkonu účtovníkov. Úloha makléra pri tvorbe a priebehu poistenia. Spoločné zásady poistných zmlúv. Výklad a komentár poistných zmlúv. Postup pri zjednávaní poistného. Adresy organizácií Svazu účetních v ČR.
Saved in:
| Main Author: | |
|---|---|
| Other Authors: | |
| Format: | Book Chapter |
| Language: | Czech |
| Subjects: | |
| Tags: |
No Tags, Be the first to tag this record!
|
MARC
| LEADER | 00000naa a2200000 4500 | ||
|---|---|---|---|
| 001 | r026524 | ||
| 005 | 20230913081042.6 | ||
| 041 | 0 | |a cze | |
| 044 | |a CZ | ||
| 245 | 1 | 0 | |a Pojištění odpovědnosti z výkonu povolání účetních |c M. Kabát, M. Dvořák |
| 520 | |a Jednotlivé typy poistení v poistení zodpovednosti z výkonu účtovníkov. Úloha makléra pri tvorbe a priebehu poistenia. Spoločné zásady poistných zmlúv. Výklad a komentár poistných zmlúv. Postup pri zjednávaní poistného. Adresy organizácií Svazu účetních v ČR. | ||
| 610 | 2 | 0 | |a poistenie |
| 610 | 2 | 0 | |a účtovníctvo |
| 610 | 2 | 0 | |a zmluvy poistné |
| 610 | 2 | 0 | |a makléri |
| 610 | 2 | 0 | |a účtovníci |
| 610 | 2 | 0 | |a komentáre |
| 610 | 2 | 0 | |a Česko |
| 100 | 1 | |a Kabát, M. | |
| 700 | 1 | |a Dvořák, M. | |